Record al mestre : lloa en un acte i tres quadros en vers, original de Joaquim Selva : dedicada a la memòria del gran dramaturg lloa en un acte i tres quadros en vers, original de Joaquim Selva :
Descripción Física:
22 p. ; 21 cm
Otros Autores:
Iglésies, Ignasi
Materias:
Iglésies, Ignasi -- Teatre
MARC
| LEADER | 00000nam a2200000Ia 4500 | ||
|---|---|---|---|
| 001 | 20352 | ||
| 008 | 160829s1929 xx 000 0 cat d | ||
| 080 | |a 4195, exp. 22 | ||
| 100 | |a Selva, Joaquim |9 48413 | ||
| 245 | |a Record al mestre : |b lloa en un acte i tres quadros en vers, original de Joaquim Selva : |b dedicada a la memòria del gran dramaturg | ||
| 260 | |a Badalona : |b Tallers Gràfics Balmes, |c 1929 | ||
| 300 | |a 22 p. ; |c 21 cm | ||
| 590 | |a A la coberta: Ignasi Iglèsies 1871 - 1928, estrenada en el Teatre Guimerà, (Picarol) de Badalona la nit del dia 16 de maig de 1929 | ||
| 650 | |a Iglésies, Ignasi |x Teatre |9 48414 | ||
| 700 | |a Iglésies, Ignasi |9 48415 | ||
| 901 | |a Arxiu | ||
| 942 | |n 1 | ||
| 952 | |0 0 |1 0 |4 0 |6 4195_EXP_22 |7 1 |9 54530 |a Arxiu |b Arxiu |d 2016-12-01 |l 0 |o 4195, exp. 22 |p 20352 |r 2016-12-01 00:00:00 |w 2016-12-01 |y ARXIU | ||
| 999 | |c 58399 |d 58399 | ||